Porovnání výše daní z příjmu právnických osob v rozšířené Evropské unii
Porovnanie stupňa harmonizácie daní na dvoch typoch daní - dane z pridanej hodnoty a dane z príjmu podnikov. Prehľad nominálnych sadzieb dane z príjmov právnických osôb vo vybraných krajinách rozšírenej Európskej únie. Efektívne dane z príjmov právnických osôb v nových členských krajinách EÚ.
Gespeichert in:
| 1. Verfasser: | |
|---|---|
| Format: | Buchkapitel |
| Sprache: | Tschechisch |
| Schlagworte: | |
| Tags: |
Keine Tags, Fügen Sie das erste Tag hinzu!
|
MARC
| LEADER | 00000naa$a2200000$$$4500 | ||
|---|---|---|---|
| 001 | 0022399 | ||
| 005 | 20231107101757.1 | ||
| 041 | 0 | |a cze | |
| 044 | |a CZ | ||
| 245 | 1 | 0 | |a Porovnání výše daní z příjmu právnických osob v rozšířené Evropské unii |c Wolfgang Melecký |
| 520 | |a Porovnanie stupňa harmonizácie daní na dvoch typoch daní - dane z pridanej hodnoty a dane z príjmu podnikov. Prehľad nominálnych sadzieb dane z príjmov právnických osôb vo vybraných krajinách rozšírenej Európskej únie. Efektívne dane z príjmov právnických osôb v nových členských krajinách EÚ. | ||
| 610 | 2 | 0 | |a dane z príjmov |
| 610 | 2 | 0 | |a dane z hodnoty pridanej |
| 610 | 2 | 0 | |a Európska únia |
| 610 | 2 | 0 | |a harmonizácia |
| 610 | 2 | 0 | |a osoby právnické |
| 610 | 2 | 0 | |a sadzby daňové |
| 100 | 1 | |a Melecký, Wolfgang | |